01619nam a2200349 a 4500001001000000003000500010005001700015008004100032010001100073011001100084040000900095090001000104100003800114245020200152260004100354500006000395502008700455590004000542590004000582590004000622650004800662650005400710650006900764650004800833856007000881901000700951942001000958942000600968999001900974952014000993952013601133000113478CHAP20220329144356.0170724s2016 mx a fsm |||||||spa d a109939 a110911 cCHAP aTesis1 aPadrón Aguilar, Azucena913278910aActividad antimicrobiana de extractos de jonote (Heliocarpus appendiculatus TURCZ.) sobre fitopatógenos asociados al jitomate (Solanum lycopersicum) /h[En línea]cpor Azucena Padrón Aguilar. aChapingo, Méx. :bEl autor,c2016. aPara ver el contenido del material haga clic en la liga aTesis (Ing. en Restauración Forestal) -- UACH. División de Ciencias Forestales aE8697GMMb05c20170724lUCH01h0853 aE8697GMMb05c20170724lUCH01h1012 aE8697GMMb05c20170724lUCH01h101614aExtractos vegetales como fungicida.912963914aExtractos vegetalesxEfecto en bacterias.913230914aHeliocarpus appendiculatusxFisiología y morfología.913023514aTomatexEnfermedades por bacterias.9113712 aFinding aiduhttp://10.13.5.2/tesis/sist113478.pdfzTeclea aquí aBK cTESIS n0 c109939d109939 00102local4053708TESISaBCbBCcPA_TESISd2017-07-24fTESISl0oTesisp33724002525785r2019-12-31 00:00:00tc.2w2019-12-31yTESIS 00104054718TESISaBCbBCd2017-07-24fTESISl0oTesisp33724002525827r2019-12-31 00:00:00w2019-12-31yTESISzRecien adquirido